[Event "NB I. Maroczy csoport"]
[Site "Budapest"]
[Date "2024.03.17"]
[Round "8.10"]
[White "Fodor, Miklos"]
[Black "Meszaros, Attila"]
[Result "1-0"]
[WhiteElo "2067"]
[BlackElo "1927"]
[PlyCount "41"]
[EventDate "2023.10.08"]
[EventType "team-tourn"]
[EventRounds "11"]
[EventCountry "HUN"]
[Source "chess.hu"]
[WhiteTeam "Aquarena Kobanya  II"]
[BlackTeam "Magyar Sakkvilag-SMS"]
[WhiteTeamCountry "HUN"]
[BlackTeamCountry "HUN"]

1. e4 c6 2. d4 d5 3. e5 Bf5 4. Nf3 e6 5. Be2 Nd7 6. O-O h6 7. b3 c5 8. c4 Ne7
9. Nc3 cxd4 10. Nb5 Nc6 11. cxd5 exd5 12. Nfxd4 Nxd4 13. Nxd4 Bg6 14. e6 fxe6
15. Nxe6 Qb6 16. Qxd5 Bf7 17. Bh5 g6 18. Re1 Be7 19. Bb2 Rh7 20. Rad1 Rd8 21.
Bxg6 1-0

[Event "NB I. Maroczy csoport"]
[Site "Budapest"]
[Date "2024.03.17"]
[Round "8.11"]
[White "Kunszt, Kazmer"]
[Black "Szabo, Norbert"]
[Result "1-0"]
[WhiteElo "1875"]
[BlackElo "1890"]
[PlyCount "47"]
[EventDate "2023.10.08"]
[EventType "team-tourn"]
[EventRounds "11"]
[EventCountry "HUN"]
[Source "chess.hu"]
[WhiteTeam "Magyar Sakkvilag-SMS"]
[BlackTeam "Aquarena Kobanya  II"]
[WhiteTeamCountry "HUN"]
[BlackTeamCountry "HUN"]

1. d4 Nf6 2. Nf3 c6 3. c3 d5 4. Bf4 Ne4 5. e3 Nd7 6. Bd3 Ndf6 7. h3 Bf5 8. Ne5
e6 9. g4 Nxf2 10. Kxf2 Bxd3 11. Qxd3 Ne4+ 12. Kg2 g5 13. Bh2 f6 14. Nf3 h5 15.
Nbd2 f5 16. Ne5 Bd6 17. Nxe4 fxe4 18. Qe2 O-O 19. Raf1 Qc7 20. gxh5 Rf5 21. Qg4
Raf8 22. Rxf5 Rxf5 23. Rf1 Bxe5 24. Bxe5 1-0

[Event "NB I. Maroczy csoport"]
[Site "Budapest"]
[Date "2024.03.17"]
[Round "8.12"]
[White "Dobos, Daniel"]
[Black "Kajtar, Dora"]
[Result "1-0"]
[WhiteElo "1871"]
[BlackElo "1775"]
[PlyCount "39"]
[EventDate "2023.10.08"]
[EventType "team-tourn"]
[EventRounds "11"]
[EventCountry "HUN"]
[Source "chess.hu"]
[WhiteTeam "Aquarena Kobanya  II"]
[BlackTeam "Magyar Sakkvilag-SMS"]
[WhiteTeamCountry "HUN"]
[BlackTeamCountry "HUN"]

1. e4 b6 2. d4 Bb7 3. Bd3 Nf6 4. Qe2 e6 5. Nf3 d5 6. e5 Nfd7 7. c3 c5 8. O-O h6
9. Ne1 Nc6 10. Be3 cxd4 11. cxd4 Be7 12. a3 Qc7 13. Nc3 a6 14. f4 b5 15. Qg4 g6
16. Bxg6 Rg8 17. Bxf7+ Kxf7 18. Qh5+ Rg6 19. f5 exf5 20. Qxf5+ 1-0

[Event "NB I. Maroczy csoport"]
[Site "Nyiregyhaza"]
[Date "2024.04.07"]
[Round "9.1"]
[White "Izsak, Gyula"]
[Black "Ardelean, George-Catalin"]
[Result "0-1"]
[WhiteElo "2390"]
[BlackElo "2434"]
[PlyCount "80"]
[EventDate "2023.10.08"]
[EventType "team-tourn"]
[EventRounds "11"]
[EventCountry "HUN"]
[Source "chess.hu"]
[WhiteTeam "Aquarena Kobanya  II"]
[BlackTeam "NYVSC "]
[WhiteTeamCountry "HUN"]
[BlackTeamCountry "HUN"]

1. d4 d5 2. Nf3 e6 3. c4 a6 4. cxd5 exd5 5. Bg5 Be7 6. Bxe7 Nxe7 7. Nc3 O-O 8.
e3 c6 9. Bd3 Bf5 10. O-O Nd7 11. Rc1 Nb6 12. Ne5 f6 13. Bxf5 Nxf5 14. Nd3 Re8
15. Nc5 Re7 16. Re1 Kh8 17. Qg4 Nd6 18. b3 Nd7 19. Nxd7 Rxd7 20. Na4 Re7 21.
Nc5 Qe8 22. Qf4 Rd8 23. h3 Qf7 24. Re2 g5 25. Qf3 Qg6 26. Rec2 h5 27. g3 Ne4
28. Nxe4 Rxe4 29. b4 f5 30. a4 f4 31. b5 axb5 32. axb5 Rc8 33. bxc6 bxc6 34.
Rc5 g4 35. hxg4 fxg3 36. Rxd5 Rxg4 37. Rcc5 Qb1+ 38. Kg2 gxf2+ 39. Kxf2 Qg1+
40. Ke2 Rg2+ 0-1

[Event "NB I. Maroczy csoport"]
[Site "Nyiregyhaza"]
[Date "2024.04.07"]
[Round "9.2"]
[White "Varga, Peter"]
[Black "Bodi, Tibor"]
[Result "1/2-1/2"]
[WhiteElo "2361"]
[BlackElo "2278"]
[PlyCount "101"]
[EventDate "2023.10.08"]
[EventType "team-tourn"]
[EventRounds "11"]
[EventCountry "HUN"]
[Source "chess.hu"]
[WhiteTeam "NYVSC "]
[BlackTeam "Aquarena Kobanya  II"]
[WhiteTeamCountry "HUN"]
[BlackTeamCountry "HUN"]

1. d4 Nf6 2. c4 e6 3. Nc3 Bb4 4. Qc2 O-O 5. Nf3 c5 6. dxc5 Bxc5 7. Bg5 Nc6 8.
e3 h6 9. Bh4 g5 10. Bg3 Nh5 11. a3 Be7 12. Rd1 f5 13. Ne5 Nxg3 14. Nxc6 bxc6
15. hxg3 Kg7 16. Be2 Rb8 17. g4 Qa5 18. gxf5 exf5 19. Kf1 Qe5 20. Rd2 d6 21.
Kg1 f4 22. exf4 Qxf4 23. Bd3 Bf5 24. Bxf5 Qxf5 25. Qxf5 Rxf5 26. Rh3 g4 27.
Rhd3 Rf4 28. Re2 Bf8 29. Ne4 Re8 30. Rde3 Kg6 31. g3 Rf3 32. Rxf3 gxf3 33. Re3
Bg7 34. Nxd6 Rxe3 35. fxe3 Bxb2 36. a4 Be5 37. Nc8 Bxg3 38. Nxa7 c5 39. Nb5 h5
40. Nc3 h4 41. Ne4 Be1 42. a5 Bxa5 43. Kf2 Kf5 44. Kxf3 Bb4 45. Nf2 Bd2 46. Nd3
Bb4 47. e4+ Kg5 48. Nf4 Ba3 49. Nd3 Bb4 50. Nf4 Ba3 51. Nd3 1/2-1/2

[Event "NB I. Maroczy csoport"]
[Site "Nyiregyhaza"]
[Date "2024.04.07"]
[Round "9.3"]
[White "Horvath, David"]
[Black "Okhotnik, Vladimir"]
[Result "1/2-1/2"]
[WhiteElo "2325"]
[BlackElo "2287"]
[PlyCount "39"]
[EventDate "2023.10.08"]
[EventType "team-tourn"]
[EventRounds "11"]
[EventCountry "HUN"]
[Source "chess.hu"]
[WhiteTeam "Aquarena Kobanya  II"]
[BlackTeam "NYVSC "]
[WhiteTeamCountry "HUN"]
[BlackTeamCountry "HUN"]

1. d4 d6 2. Nf3 Nf6 3. c4 Bf5 4. Nc3 g6 5. g3 Qc8 6. Bg2 Ne4 7. Nxe4 Bxe4 8.
O-O Bg7 9. Be3 O-O 10. Qd2 c5 11. Rac1 a5 12. Rfd1 b6 13. Bh6 Nc6 14. Bxg7 Kxg7
15. d5 Nd8 16. Qe3 Bxf3 17. Bxf3 Ra7 18. h4 f5 19. Bg2 f4 20. gxf4 1/2-1/2

[Event "NB I. Maroczy csoport"]
[Site "Nyiregyhaza"]
[Date "2024.04.07"]
[Round "9.5"]
[White "Konnyu, Janos"]
[Black "Anghelus, Alin-Gabriel"]
[Result "1/2-1/2"]
[WhiteElo "2334"]
[BlackElo "2209"]
[PlyCount "71"]
[EventDate "2023.10.08"]
[EventType "team-tourn"]
[EventRounds "11"]
[EventCountry "HUN"]
[Source "chess.hu"]
[WhiteTeam "Aquarena Kobanya  II"]
[BlackTeam "NYVSC "]
[WhiteTeamCountry "HUN"]
[BlackTeamCountry "HUN"]

1. e4 e6 2. d4 d5 3. Nd2 c5 4. exd5 exd5 5. Ngf3 Nc6 6. Be2 cxd4 7. Nb3 Bd6 8.
O-O Nge7 9. Nbxd4 O-O 10. b3 Ng6 11. Bb2 Nf4 12. Re1 Re8 13. Bf1 Rxe1 14. Qxe1
Bg4 15. Nxc6 bxc6 16. Ne5 Qg5 17. Nxg4 Qxg4 18. g3 Ne6 19. Bg2 Rd8 20. Qd1 Qb4
21. Qd3 Bc5 22. a3 Qb6 23. Qd2 Re8 24. Re1 h6 25. b4 a5 26. bxc5 Qxb2 27. Qxa5
Qxc2 28. Qb6 Qc3 29. Re3 Qc1+ 30. Bf1 d4 31. Re5 d3 32. Qxc6 Rd8 33. Kg2 Qxa3
34. Re3 Qxc5 35. Rxe6 Qxc6+ 36. Rxc6 1/2-1/2

[Event "NB I. Maroczy csoport"]
[Site "Nyiregyhaza"]
[Date "2024.04.07"]
[Round "9.6"]
[White "Varga, Marcell"]
[Black "Teglas, Balazs"]
[Result "1-0"]
[WhiteElo "2143"]
[BlackElo "2208"]
[PlyCount "107"]
[EventDate "2023.10.08"]
[EventType "team-tourn"]
[EventRounds "11"]
[EventCountry "HUN"]
[Source "chess.hu"]
[WhiteTeam "NYVSC "]
[BlackTeam "Aquarena Kobanya  II"]
[WhiteTeamCountry "HUN"]
[BlackTeamCountry "HUN"]

1. c4 Nf6 2. Nc3 e5 3. g3 Bb4 4. Bg2 Bxc3 5. bxc3 d6 6. Nf3 e4 7. Nd4 O-O 8.
O-O Nbd7 9. f3 exf3 10. Nxf3 Re8 11. d3 c6 12. Nd4 Qa5 13. Bd2 Nf8 14. e4 Bg4
15. Bf3 Qh5 16. Nf5 Bxf3 17. Qxf3 Ng4 18. Qg2 Ne5 19. Nxd6 Nxd3 20. Nxe8 Rxe8
21. Be3 b6 22. Rad1 Ne5 23. c5 b5 24. Bd4 f6 25. Rde1 Qf7 26. Bxe5 Rxe5 27. Rf5
Qe7 28. Rxe5 Qxe5 29. Qd2 Qxc5+ 30. Qd4 Ne6 31. Qxc5 Nxc5 32. a3 a5 33. c4 b4
34. axb4 axb4 35. Rb1 b3 36. Kf2 Kf7 37. Ke3 Ke6 38. Kd4 Kd6 39. Rd1 h6 40. Rb1
Ne6+ 41. Kc3 Nc5 42. Ra1 Ke5 43. Ra5 Kd6 44. Ra7 g5 45. Rh7 Nxe4+ 46. Kxb3 Kc5
47. Rxh6 Kd4 48. h4 Nd2+ 49. Kc2 Nxc4 50. Rxf6 gxh4 51. gxh4 Ke5 52. Rxc6 Ne3+
53. Kd3 Ng2 54. h5 1-0

[Event "NB I. Maroczy csoport"]
[Site "Nyiregyhaza"]
[Date "2024.04.07"]
[Round "9.7"]
[White "Karacsonyi, Kata"]
[Black "Racz, Zoltan"]
[Result "0-1"]
[WhiteElo "2152"]
[BlackElo "2231"]
[PlyCount "96"]
[EventDate "2023.10.08"]
[EventType "team-tourn"]
[EventRounds "11"]
[EventCountry "HUN"]
[Source "chess.hu"]
[WhiteTeam "Aquarena Kobanya  II"]
[BlackTeam "NYVSC "]
[WhiteTeamCountry "HUN"]
[BlackTeamCountry "HUN"]

1. e4 g6 2. d4 Nf6 3. Nc3 d5 4. e5 Ne4 5. Nxe4 dxe4 6. Ne2 c5 7. c3 Nc6 8. Be3
Bg7 9. Ng3 cxd4 10. cxd4 Qa5+ 11. Bd2 Qb6 12. Bc3 O-O 13. Qb3 Rd8 14. Rd1 Be6
15. Bc4 Qxb3 16. axb3 Bd5 17. O-O Rd7 18. Rfe1 Rad8 19. Bxd5 Rxd5 20. Rxe4 Bxe5
21. Ne2 f5 22. Re3 Nxd4 23. Nxd4 Bxd4 24. Bxd4 Rxd4 25. Rde1 R8d7 26. g3 Kf7
27. R1e2 R4d6 28. h4 e6 29. Kg2 Rc6 30. f3 Rd5 31. g4 Kf6 32. g5+ Ke7 33. Kg3
Rd4 34. f4 Rb6 35. Rc2 Kd7 36. h5 gxh5 37. Rh2 e5 38. Rf3 e4 39. Re3 Rd3 40.
Rxd3+ exd3 41. Rxh5 h6 42. Kf2 hxg5 43. fxg5 Re6 44. g6 d2 45. Rh1 Re1 46. g7
d1=Q 47. g8=Q Qe2+ 48. Kg3 Qe3+ 0-1

[Event "NB I. Maroczy csoport"]
[Site "Nyiregyhaza"]
[Date "2024.04.07"]
[Round "9.8"]
[White "Hibjan, Tamas"]
[Black "Egeto, Janos-Lehel"]
[Result "1-0"]
[WhiteElo "2137"]
[BlackElo "2012"]
[PlyCount "51"]
[EventDate "2023.10.08"]
[EventType "team-tourn"]
[EventRounds "11"]
[EventCountry "HUN"]
[Source "chess.hu"]
[WhiteTeam "NYVSC "]
[BlackTeam "Aquarena Kobanya  II"]
[WhiteTeamCountry "HUN"]
[BlackTeamCountry "HUN"]

1. e4 c5 2. Nf3 e6 3. d4 cxd4 4. Nxd4 a6 5. c4 Nf6 6. Nc3 Qc7 7. Bd3 d6 8. O-O
Nbd7 9. Be3 Be7 10. Rc1 b6 11. f4 Bb7 12. b4 O-O 13. a3 Rac8 14. g4 Qb8 15. g5
Ne8 16. Qg4 Nc7 17. Rf3 f5 18. Qh4 g6 19. Rf2 Rf7 20. Qh3 Rcf8 21. Bc2 Qa8 22.
exf5 gxf5 23. Bb3 d5 24. cxd5 exd5 25. Bc2 Bc8 26. Nxf5 1-0

[Event "NB I. Maroczy csoport"]
[Site "Nyiregyhaza"]
[Date "2024.04.07"]
[Round "9.9"]
[White "Gyomber, Tamas"]
[Black "Borsavolgyi, Tamas"]
[Result "0-1"]
[WhiteElo "2031"]
[BlackElo "1987"]
[PlyCount "77"]
[EventDate "2023.10.08"]
[EventType "team-tourn"]
[EventRounds "11"]
[EventCountry "HUN"]
[Source "chess.hu"]
[WhiteTeam "Aquarena Kobanya  II"]
[BlackTeam "NYVSC "]
[WhiteTeamCountry "HUN"]
[BlackTeamCountry "HUN"]

1. d4 d5 2. Nf3 e6 3. c4 Nf6 4. g3 Bb4+ 5. Bd2 Nc6 6. a3 Be7 7. Qc2 Ne4 8. Bg2
g5 9. cxd5 exd5 10. Ne5 Nxe5 11. dxe5 Bf5 12. Qa4+ c6 13. Ba5 Qd7 14. Nd2 Nc5
15. Qd1 Bh3 16. O-O h5 17. f3 Bxg2 18. Kxg2 h4 19. Rh1 b6 20. Bb4 Qf5 21. Bc3
h3+ 22. Kf2 Nd7 23. e6 Bc5+ 24. Ke1 Ne5 25. exf7+ Kxf7 26. Qb1 Qe6 27. f4 gxf4
28. gxf4 d4 29. fxe5 dxc3 30. Ne4 Qxe5 31. Nxc5 Qxc5 32. Rf1+ Kg7 33. Qe4 Rh6
34. Rd1 cxb2 35. Rd7+ Kh8 36. Rff7 Qc3+ 37. Kf2 Rf6+ 38. Rxf6 Qxf6+ 39. Ke3 0-1

[Event "NB I. Maroczy csoport"]
[Site "Nyiregyhaza"]
[Date "2024.04.07"]
[Round "9.10"]
[White "Egyed, Judit"]
[Black "Fulop, Peter Benjamin"]
[Result "1-0"]
[WhiteElo "2042"]
[BlackElo "2084"]
[PlyCount "55"]
[EventDate "2023.10.08"]
[EventType "team-tourn"]
[EventRounds "11"]
[EventCountry "HUN"]
[Source "chess.hu"]
[WhiteTeam "NYVSC "]
[BlackTeam "Aquarena Kobanya  II"]
[WhiteTeamCountry "HUN"]
[BlackTeamCountry "HUN"]

1. e4 c5 2. Nf3 d6 3. d4 cxd4 4. Nxd4 Nf6 5. Nc3 a6 6. Be3 e5 7. Nb3 Be7 8. f3
Be6 9. Qd2 h5 10. O-O-O Nbd7 11. Kb1 Rc8 12. h3 b5 13. Qf2 b4 14. Nd5 Nxd5 15.
exd5 Bf5 16. Rd2 Ra8 17. f4 Be4 18. Rg1 O-O 19. g4 hxg4 20. hxg4 Nf6 21. fxe5
Nxd5 22. g5 Nxe3 23. Qxe3 Bg6 24. Bd3 d5 25. Nd4 Bc5 26. Qh3 Bxd4 27. Rh1 f5
28. e6 1-0

[Event "NB I. Maroczy csoport"]
[Site "Nyiregyhaza"]
[Date "2024.04.07"]
[Round "9.11"]
[White "Fodor, Miklos"]
[Black "Blahota, Marcell"]
[Result "1-0"]
[WhiteElo "2070"]
[BlackElo "2045"]
[PlyCount "89"]
[EventDate "2023.10.08"]
[EventType "team-tourn"]
[EventRounds "11"]
[EventCountry "HUN"]
[Source "chess.hu"]
[WhiteTeam "Aquarena Kobanya  II"]
[BlackTeam "NYVSC "]
[WhiteTeamCountry "HUN"]
[BlackTeamCountry "HUN"]

1. e4 e5 2. Nf3 Nc6 3. Bc4 Bc5 4. c3 Nf6 5. d4 exd4 6. e5 d5 7. Bb5 Ne4 8. cxd4
Bb4+ 9. Nbd2 O-O 10. O-O Bxd2 11. Bxd2 Bd7 12. Be2 Qe7 13. Be3 Rad8 14. Ne1 Bc8
15. f3 Nd6 16. Bf2 Nf5 17. f4 f6 18. g4 Nh6 19. exf6 gxf6 20. h3 Rfe8 21. Bf3
Nf7 22. Rc1 h5 23. Rc5 hxg4 24. hxg4 Qd6 25. Qc1 Ne7 26. Rxc7 Nh6 27. f5 Nf7
28. Qc5 Nc6 29. Qxd6 Rxd6 30. Nd3 Ng5 31. Kg2 Nxf3 32. Kxf3 Rd7 33. Rxd7 Bxd7
34. Nf4 Ne7 35. Rc1 Rc8 36. Rxc8+ Bxc8 37. Bh4 Kf7 38. Nh5 Ng8 39. Kf4 Bd7 40.
g5 fxg5+ 41. Bxg5 Bb5 42. Ke5 Be2 43. Nf4 Bf3 44. Nxd5 b6 45. Nc7 1-0

[Event "NB I. Maroczy csoport"]
[Site "Nyiregyhaza"]
[Date "2024.04.07"]
[Round "9.12"]
[White "Hurkovszkij, Vladyslav"]
[Black "Bodo, Norbert"]
[Result "1-0"]
[WhiteElo "2046"]
[BlackElo "1748"]
[PlyCount "97"]
[EventDate "2023.10.08"]
[EventType "team-tourn"]
[EventRounds "11"]
[EventCountry "HUN"]
[Source "chess.hu"]
[WhiteTeam "NYVSC "]
[BlackTeam "Aquarena Kobanya  II"]
[WhiteTeamCountry "HUN"]
[BlackTeamCountry "HUN"]

1. d4 Nf6 2. Nf3 b6 3. Bf4 Bb7 4. e3 e6 5. c3 Be7 6. h3 d6 7. Nbd2 Nbd7 8. Be2
a6 9. Qc2 h6 10. O-O Nh5 11. Bh2 O-O 12. e4 g6 13. Rfe1 Bg5 14. Bf1 b5 15. Rad1
Rc8 16. a4 bxa4 17. Qxa4 Nb6 18. Qb3 a5 19. Nc4 a4 20. Qb4 Nxc4 21. Bxc4 Bc6
22. d5 Rb8 23. Qa3 exd5 24. Bxd5 Bxd5 25. Rxd5 Be7 26. e5 Rb3 27. Qxa4 Rxb2 28.
Red1 Rb6 29. c4 Qb8 30. Qd7 Re8 31. g4 Ng7 32. exd6 Bxd6 33. Bxd6 cxd6 34. Rxd6
Rxd6 35. Qxd6 Qxd6 36. Rxd6 Rc8 37. Ne5 g5 38. Rxh6 Rc5 39. Nf3 Ne6 40. Rf6
Rxc4 41. Rf5 Rf4 42. Rxf4 Nxf4 43. Nxg5 f6 44. Ne4 Kg7 45. Kh2 Kg6 46. Nc3 f5
47. Kg3 Nd3 48. Nd5 Ne5 49. Ne7+ 1-0

[Event "NB I. Maroczy csoport"]
[Site "Miskolc"]
[Date "2024.04.07"]
[Round "9.2"]
[White "Fule, Simon"]
[Black "Mester, Gyula"]
[Result "1/2-1/2"]
[WhiteElo "2241"]
[BlackElo "2294"]
[PlyCount "80"]
[EventDate "2023.10.08"]
[EventType "team-tourn"]
[EventRounds "11"]
[EventCountry "HUN"]
[Source "chess.hu"]
[WhiteTeam "DVTK I."]
[BlackTeam "DEAC-Debr.Sakkiskola"]
[WhiteTeamCountry "HUN"]
[BlackTeamCountry "HUN"]

1. e4 e5 2. Nf3 Nc6 3. Bb5 a6 4. Ba4 d6 5. O-O Bd7 6. d4 Nxd4 7. Bxd7+ Qxd7 8.
Nxd4 exd4 9. Qxd4 Nf6 10. c4 Be7 11. Nc3 O-O 12. b3 b5 13. Bb2 c6 14. Rad1 Qa7
15. Qd3 Rad8 16. Ne2 d5 17. cxd5 cxd5 18. Bxf6 dxe4 19. Qxd8 Bxd8 20. Bxd8 Qc5
21. Nf4 Qc2 22. Be7 Re8 23. b4 Qxa2 24. g3 h5 25. Bc5 h4 26. Ra1 Qb3 27. Rfe1
g5 28. Ng2 h3 29. Ne3 Ra8 30. Red1 Qb2 31. Rab1 Qe2 32. Rd5 f6 33. Rbd1 Kf7 34.
Rf5 Re8 35. Rfd5 Re5 36. Rxe5 fxe5 37. Ra1 Qb2 38. Rxa6 Qb1+ 39. Nf1 g4 40. Ra3
Ke6 1/2-1/2

[Event "NB I. Maroczy csoport"]
[Site "Miskolc"]
[Date "2024.04.07"]
[Round "9.3"]
[White "Emodi, Barnabas"]
[Black "Turcsanyi, Vince Gergo"]
[Result "1/2-1/2"]
[WhiteElo "2328"]
[BlackElo "2303"]
[PlyCount "107"]
[EventDate "2023.10.08"]
[EventType "team-tourn"]
[EventRounds "11"]
[EventCountry "HUN"]
[Source "chess.hu"]
[WhiteTeam "DEAC-Debr.Sakkiskola"]
[BlackTeam "DVTK I."]
[WhiteTeamCountry "HUN"]
[BlackTeamCountry "HUN"]

1. Nf3 Nf6 2. c4 e6 3. Nc3 Bb4 4. Qb3 c5 5. a3 Bxc3 6. Qxc3 O-O 7. b4 b6 8. Bb2
Bb7 9. g3 d6 10. Bg2 e5 11. O-O Re8 12. d3 Nc6 13. e4 a5 14. b5 Nd4 15. Rae1
Nxf3+ 16. Bxf3 Nd7 17. Bg2 Nf8 18. f4 f6 19. f5 Kf7 20. Bf3 Ke7 21. Qd2 Kd7 22.
h4 Kc7 23. Bc1 Nd7 24. Re2 Qe7 25. Rg2 Rh8 26. g4 h6 27. g5 hxg5 28. hxg5 Rh7
29. g6 Rhh8 30. Rh2 Rag8 31. Rff2 Kd8 32. Bh5 Qf8 33. Rh4 Bc8 34. Rfh2 Nb8 35.
Qe1 Bd7 36. Bd2 Kc7 37. a4 Be8 38. Bf3 Rxh4 39. Qxh4 Nd7 40. Qe1 Nb8 41. Rh7
Bd7 42. Qh4 Kd8 43. Kf1 Be8 44. Qe1 Kc8 45. Bd1 Bd7 46. Qh4 Be8 47. Bb3 Nd7 48.
Ke2 Nb8 49. Kd1 Nd7 50. Kc1 Nb8 51. Kb2 Nd7 52. Qe1 Nb8 53. Ka3 Bd7 54. Qh4
1/2-1/2

[Event "NB I. Maroczy csoport"]
[Site "Miskolc"]
[Date "2024.04.07"]
[Round "9.4"]
[White "Fusthy, Zsolt"]
[Black "Deak, Sandor"]
[Result "1/2-1/2"]
[WhiteElo "2214"]
[BlackElo "2234"]
[PlyCount "27"]
[EventDate "2023.10.08"]
[EventType "team-tourn"]
[EventRounds "11"]
[EventCountry "HUN"]
[Source "chess.hu"]
[WhiteTeam "DVTK I."]
[BlackTeam "DEAC-Debr.Sakkiskola"]
[WhiteTeamCountry "HUN"]
[BlackTeamCountry "HUN"]

1. Nf3 Nf6 2. g3 d5 3. Bg2 c6 4. b3 Bg4 5. Bb2 Nbd7 6. d3 Bxf3 7. Bxf3 e5 8.
Nd2 Bc5 9. O-O O-O 10. c4 Qe7 11. e3 Ba3 12. Bxa3 Qxa3 13. Qc1 Qd6 14. Qc2
1/2-1/2

[Event "NB I. Maroczy csoport"]
[Site "Miskolc"]
[Date "2024.04.07"]
[Round "9.5"]
[White "Laszlo, Janos"]
[Black "Gathi, Donat"]
[Result "0-1"]
[WhiteElo "2186"]
[BlackElo "2232"]
[PlyCount "140"]
[EventDate "2023.10.08"]
[EventType "team-tourn"]
[EventRounds "11"]
[EventCountry "HUN"]
[Source "chess.hu"]
[WhiteTeam "DEAC-Debr.Sakkiskola"]
[BlackTeam "DVTK I."]
[WhiteTeamCountry "HUN"]
[BlackTeamCountry "HUN"]

1. Nf3 Nf6 2. b3 g6 3. Bb2 Bg7 4. c4 d6 5. d4 O-O 6. g3 e5 7. dxe5 Ng4 8. Bg2
Nxe5 9. Nc3 Nbc6 10. O-O Re8 11. Qd2 Be6 12. Rfd1 Qd7 13. Nd5 Bxd5 14. cxd5
Nxf3+ 15. exf3 Ne7 16. Bxg7 Kxg7 17. Rac1 Kg8 18. Rc4 Rac8 19. f4 Red8 20. h4
c5 21. dxc6 bxc6 22. Kh2 d5 23. Bh3 f5 24. Rc5 Qd6 25. Qd4 Kf7 26. h5 Ng8 27.
b4 Qf6 28. Ra5 Qxd4 29. Rxd4 Rc7 30. Ra3 Nf6 31. hxg6+ hxg6 32. Kg1 Ne4 33. Bg2
Nd6 34. Bf1 Rb8 35. Ra5 Ke6 36. a3 Rh8 37. Rc5 Ne4 38. Rc2 Ra8 39. Ba6 Rb8 40.
Kg2 Kd6 41. Rd1 Rh8 42. Rdc1 Nf6 43. Bb5 Rhc8 44. Ba6 Rb8 45. Be2 Nd7 46. Rh1
c5 47. bxc5+ Rxc5 48. Rd2 Nf6 49. Bf3 Ra5 50. Rhd1 Rb3 51. a4 Ne4 52. Bxe4 fxe4
53. Rh1 Rxa4 54. Rh6 d4 55. f5 Ke5 56. fxg6 Kf6 57. Rh4 d3 58. g7 Kxg7 59. Rh1
Kf6 60. Re1 Rc3 61. f3 Rc2 62. Rxc2 dxc2 63. Rc1 Rc4 64. fxe4 Ke5 65. Kf3 Kd4
66. e5 Kd3 67. e6 Rc6 68. e7 Re6 69. Ra1 Rxe7 70. g4 Kd2 0-1

[Event "NB I. Maroczy csoport"]
[Site "Miskolc"]
[Date "2024.04.07"]
[Round "9.6"]
[White "Zambo, Zoltan Istvan"]
[Black "Szilagyi, Norbert"]
[Result "1/2-1/2"]
[WhiteElo "2294"]
[BlackElo "2103"]
[PlyCount "111"]
[EventDate "2023.10.08"]
[EventType "team-tourn"]
[EventRounds "11"]
[EventCountry "HUN"]
[Source "chess.hu"]
[WhiteTeam "DVTK I."]
[BlackTeam "DEAC-Debr.Sakkiskola"]
[WhiteTeamCountry "HUN"]
[BlackTeamCountry "HUN"]

1. d4 Nf6 2. Nf3 e6 3. e3 b6 4. Bd3 Bb7 5. O-O Be7 6. Nbd2 d6 7. e4 Nbd7 8. c4
c5 9. d5 Nf8 10. Re1 Ng6 11. Nf1 O-O 12. Ng3 Bc8 13. Qc2 Nd7 14. Bd2 Nde5 15.
Nxe5 dxe5 16. Rad1 Bg5 17. Bc3 Qd6 18. b3 Nf4 19. Bf1 Bf6 20. dxe6 Qxe6 21. Nf5
Qe8 22. Qb2 g6 23. Ne3 Bg7 24. Nd5 Nxd5 25. exd5 f6 26. f4 e4 27. Bd3 Bf5 28.
Qb1 exd3 29. Rxe8 Rfxe8 30. h3 h5 31. b4 Rac8 32. Rd2 cxb4 33. Qxb4 Bf8 34. d6
Red8 35. Bxf6 Bxd6 36. Qc3 Bc5+ 37. Kh1 Rd7 38. g4 hxg4 39. hxg4 Be4+ 40. Kh2
Re8 41. Kg3 Rh7 42. Be5 Be7 43. Bf6 Bc5 44. Be5 Be7 45. Bf6 Bc5 46. Rh2 Rxh2
47. Kxh2 Be3 48. Be5 Rd8 49. c5 d2 50. Qc4+ Kf8 51. Qe6 Bg1+ 52. Kg3 Rd3+ 53.
Kh4 d1=Q 54. Bg7+ Kxg7 55. Qe7+ Kg8 56. Qe8+ 1/2-1/2

[Event "NB I. Maroczy csoport"]
[Site "Miskolc"]
[Date "2024.04.07"]
[Round "9.7"]
[White "Mate, Balazs"]
[Black "Horvath, Kristof"]
[Result "0-1"]
[WhiteElo "2034"]
[BlackElo "2087"]
[PlyCount "104"]
[EventDate "2023.10.08"]
[EventType "team-tourn"]
[EventRounds "11"]
[EventCountry "HUN"]
[Source "chess.hu"]
[WhiteTeam "DEAC-Debr.Sakkiskola"]
[BlackTeam "DVTK I."]
[WhiteTeamCountry "HUN"]
[BlackTeamCountry "HUN"]

1. e4 e5 2. Nf3 Nc6 3. d4 exd4 4. Nxd4 Bc5 5. Be3 Qf6 6. Nb5 Bxe3 7. fxe3 Qh4+
8. g3 Qxe4 9. Nxc7+ Kd8 10. Nxa8 Qxh1 11. Qd6 Nf6 12. Qc7+ Ke7 13. Nc3 Qf3 14.
Qf4 Qxf4 15. exf4 Kd8 16. Nb5 Re8+ 17. Kf2 b6 18. Rd1 Ng4+ 19. Kg1 Ne3 20. Rd2
Nxf1 21. Kxf1 Rf8 22. Nd6 Na5 23. Kf2 Nb7 24. Nb5 Nc5 25. Nd6 f5 26. Rd4 Rf6
27. Ke1 Ne4 28. Nxe4 Re6 29. Kd2 Rxe4 30. Rd6 Re6 31. Rd5 Bb7 32. Rxf5 Bxa8 33.
Rf8+ Re8 34. Rf7 Rg8 35. Rf5 Be4 36. Rb5 Re8 37. c4 Bf3 38. h4 h6 39. Rb3 Re2+
40. Kc1 Bg4 41. Rc3 Rf2 42. Ra3 a5 43. c5 bxc5 44. Rxa5 c4 45. Rc5 Be2 46. a4
Bd3 47. a5 Rc2+ 48. Kb1 c3 49. b4 Rb2+ 50. Ka1 Rb1+ 51. Ka2 c2 52. Rxc2 Bxc2
0-1

[Event "NB I. Maroczy csoport"]
[Site "Miskolc"]
[Date "2024.04.07"]
[Round "9.8"]
[White "Dobai, Szabolcs"]
[Black "Nagy, Sandor I"]
[Result "1/2-1/2"]
[WhiteElo "2121"]
[BlackElo "2145"]
[PlyCount "56"]
[EventDate "2023.10.08"]
[EventType "team-tourn"]
[EventRounds "11"]
[EventCountry "HUN"]
[Source "chess.hu"]
[WhiteTeam "DVTK I."]
[BlackTeam "DEAC-Debr.Sakkiskola"]
[WhiteTeamCountry "HUN"]
[BlackTeamCountry "HUN"]

1. Nf3 Nf6 2. c4 c5 3. Nc3 Nc6 4. g3 g6 5. Bg2 Bg7 6. d4 cxd4 7. Nxd4 Nxd4 8.
Qxd4 O-O 9. c5 d6 10. cxd6 Ne8 11. Qb4 Nxd6 12. Nd5 a5 13. Qb6 Qxb6 14. Nxb6
Ra6 15. Na4 b5 16. Nc5 Ra7 17. O-O Rc7 18. Nd3 Be6 19. Nf4 Rc2 20. Nxe6 fxe6
21. Bg5 Kf7 22. Rfc1 Rfc8 23. Rxc2 Rxc2 24. Rb1 h6 25. Be3 Nc4 26. Be4 Nxe3 27.
fxe3 Rxe2 28. Bd3 Rxb2 1/2-1/2

[Event "NB I. Maroczy csoport"]
[Site "Miskolc"]
[Date "2024.04.07"]
[Round "9.9"]
[White "Menyhart, Tibor"]
[Black "Kovacs, Tamas"]
[Result "0-1"]
[WhiteElo "1997"]
[BlackElo "2079"]
[PlyCount "74"]
[EventDate "2023.10.08"]
[EventType "team-tourn"]
[EventRounds "11"]
[EventCountry "HUN"]
[Source "chess.hu"]
[WhiteTeam "DEAC-Debr.Sakkiskola"]
[BlackTeam "DVTK I."]
[WhiteTeamCountry "HUN"]
[BlackTeamCountry "HUN"]

1. d4 Nf6 2. c4 e6 3. Bg5 h6 4. Bf4 d5 5. Nf3 Nbd7 6. Nbd2 Nh5 7. Be3 f5 8. g3
g5 9. cxd5 exd5 10. Qc2 Qf6 11. Nb3 Bd6 12. h4 g4 13. Nfd2 a5 14. Bg2 c6 15.
Nc1 Nf8 16. Nd3 Ng6 17. Qa4 Ne7 18. Rc1 O-O 19. Ne5 f4 20. gxf4 Nxf4 21. Bxf4
Qxf4 22. Nd3 Qf6 23. e3 Bf5 24. e4 dxe4 25. Bxe4 Bxe4 26. Nxe4 Qf3 27. Qc4+ Nd5
28. Nxd6 Qxh1+ 29. Kd2 Qxh4 30. Kc2 Qe7 31. Nb5 Rf3 32. Ne5 Rxf2+ 33. Kb1 Qb4
34. Nd3 Qxc4 35. Rxc4 Rf1+ 36. Rc1 Rxc1+ 37. Kxc1 cxb5 0-1